000 00824nam a2200265 i 4500
001 bg
100 1 _aTOMASZEWICZ, Władysław
245 1 0 _aTermicznie stymulowane prądy w nieuporządkowanych ciałach stałych /
_cWładysław Tomaszewicz.
260 _aGdańsk :
_bWydawnictwo Politechniki Gdańskiej,
_c2005.
300 _a134, [2] s. :
_bil. ;
_c24 cm.
490 1 _aMonografie / Politechnika Gdańska ;
_v62
500 _aStreszcz. ang.
504 _aBibliogr. s. 129-134.
650 9 _aCiało bezpostaciowe
_xfizyka
650 9 _aCiało stałe
830 0 _aMonografie (Politechnika Gdańska) ;
_v62
015 _aPB 7327/2006
020 _a8373481273
040 _cBPK
041 0 _apol
_beng
080 _a539.2
920 _a83-7348-127-3
942 _cKS
008 s pl f |000 0 pol
999 _c52299
_d52299
856 _uhttp://koha.tu.koszalin.pl/cgi-bin/koha/opac-detail.pl?biblionumber=52299
_yKatalog online BPK